[Event "Championnat de France des Jeunes - Mini"]
[Site "LA ROCHE SUR YON"]
[Date "2008.04.20"]
[Round "1.11"]
[White "Beaubois, Tess"]
[Black "Soubirou, Oriane"]
[Result "0-1"]
[WhiteElo "1430"]
[BlackElo "1820"]
[Annotator "Salaun,Michel"]
[PlyCount "118"]
[EventDate "2008.04.27"]
[EventType "swiss"]
[EventRounds "9"]
[EventCountry "FRA"]

1. e4 c5 2. Nf3 d6 3. Nc3 a6 4. g3 b5 5. d3 Bb7 6. Bg2 Nf6 7. O-O e6 8. Be3 Be7
9. b3 Nbd7 10. Qd2 Rc8 11. Qe2 Qc7 12. Rfd1 Ng4 13. h3 Nxe3 14. Qxe3 Bf6 15. d4
cxd4 16. Nxd4 Qxc3 17. Qxc3 Rxc3 18. Rac1 Bxd4 19. Rxd4 Ke7 20. h4 Ne5 21. f4
Nf3+ 22. Bxf3 Rxf3 23. Kg2 Rc3 24. a4 Rhc8 25. Kh3 Rxc2 26. Rxc2 Rxc2 27. axb5
axb5 28. Rb4 Bc6 29. h5 Re2 30. e5 dxe5 31. fxe5 Rxe5 32. Kh4 Re4+ 33. Rxe4
Bxe4 34. Kg4 Bc2 35. b4 Bd1+ 36. Kg5 h6+ 37. Kh4 Kf6 38. g4 e5 39. Kg3 Kg5 40.
Kf2 Bxg4 41. Ke3 Bxh5 42. Ke4 f6 43. Kd5 Be2 44. Ke4 h5 45. Ke3 Bc4 46. Kf2 h4
47. Kg2 f5 48. Kf2 Kf6 49. Kg2 g5 50. Kf3 g4+ 51. Kf2 f4 52. Kg2 Kg5 53. Kf2 e4
54. Kg2 e3 55. Kg1 g3 56. Kg2 Kg4 57. Kg1 e2 58. Kh1 e1=Q+ 59. Kg2 Bd5# 0-1

[Event "Championnat de France des Jeunes - Mini"]
[Site "LA ROCHE SUR YON"]
[Date "2008.04.20"]
[Round "1.13"]
[White "Clowez, Juliette"]
[Black "Rambourg, Juliette"]
[Result "0-1"]
[WhiteElo "1400"]
[BlackElo "1811"]
[Annotator "Salaun,Michel"]
[PlyCount "100"]
[EventDate "2008.04.27"]
[EventType "swiss"]
[EventRounds "9"]
[EventCountry "FRA"]

1. e4 d5 2. exd5 Qxd5 3. Nc3 Qa5 4. Bc4 Nf6 5. Nf3 Bg4 6. O-O e6 7. h3 Bh5 8.
d4 c6 9. Re1 Be7 10. Qd3 Bg6 11. Qd2 O-O 12. Qd1 Nbd7 13. Bf4 Qf5 14. Bg5 Qxc2
15. Qxc2 Bxc2 16. Rac1 Bg6 17. Ne5 Nb6 18. Nxg6 hxg6 19. Bb3 Rad8 20. Rcd1 Rd7
21. Bxf6 Bxf6 22. Re4 Rfd8 23. Ne2 c5 24. Bc2 cxd4 25. Bb1 Na4 26. Rd2 Nc5 27.
Rg4 d3 28. Nc1 Bxb2 29. Nxd3 Nxd3 30. Bxd3 Bc3 31. Rd1 Rxd3 32. Rxd3 Rxd3 33.
Rc4 Be5 34. g3 Rd2 35. Re4 Bd4 36. Rf4 e5 37. Rf3 Rxa2 38. h4 e4 39. Rf4 f5 40.
g4 Be5 41. Rxf5 gxf5 42. gxf5 b5 43. h5 b4 44. f6 Bxf6 45. Kg2 b3 46. Kg3 b2
47. Kf4 b1=Q 48. Ke3 Qd3+ 49. Kf4 Rxf2+ 50. Kg4 Qf3# 0-1

[Event "Championnat de France des Jeunes - Mini"]
[Site "LA ROCHE SUR YON"]
[Date "2008.04.20"]
[Round "1.14"]
[White "Macarry, Elodie"]
[Black "Joquin, Lucette"]
[Result "1-0"]
[WhiteElo "1805"]
[BlackElo "1400"]
[Annotator "Salaun,Michel"]
[PlyCount "73"]
[EventDate "2008.04.27"]
[EventType "swiss"]
[EventRounds "9"]
[EventCountry "FRA"]

1. e4 e5 2. Nc3 Nf6 3. Bc4 Bc5 4. d3 h6 5. f4 d6 6. f5 Nc6 7. Na4 Bb6 8. Nxb6
axb6 9. a3 d5 10. exd5 Nxd5 11. Qg4 g6 12. Qf3 Nf6 13. fxg6 Nd4 14. Bxf7+ Ke7
15. Qf2 Ng4 16. Qd2 Ne3 17. c3 Nec2+ 18. Kf1 Nxa1 19. cxd4 Nb3 20. Bxb3 Qxd4
21. g7 Be6 22. gxh8=Q Rxh8 23. Bxe6 Kxe6 24. Nf3 Rf8 25. Qxh6+ Rf6 26. Qxf6+
Kxf6 27. Nxd4 exd4 28. h4 Kg6 29. h5+ Kh7 30. g4 b5 31. g5 c5 32. g6+ Kh8 33.
h6 b4 34. axb4 cxb4 35. h7 Kg7 36. h8=Q+ Kxg6 37. Qf8 1-0

[Event "Championnat de France des Jeunes - Mini"]
[Site "LA ROCHE SUR YON"]
[Date "2008.04.20"]
[Round "1.12"]
[White "Muller, Marion"]
[Black "Gicquel, Maelig"]
[Result "1-0"]
[WhiteElo "1815"]
[BlackElo "1410"]
[Annotator "Salaun,Michel"]
[PlyCount "31"]
[EventDate "2008.04.27"]
[EventType "swiss"]
[EventRounds "9"]
[EventCountry "FRA"]

1. e4 d6 2. d4 Nf6 3. Nc3 g6 4. Be2 Bg7 5. g4 O-O 6. h4 Nc6 7. h5 Nd7 8. hxg6
fxg6 9. Bc4+ Kh8 10. Qd3 Bxd4 11. Rxh7+ Kxh7 12. Qh3+ Kg7 13. Qh6+ Kf6 14. Bg5+
Ke5 15. Qg7+ Rf6 16. f4# 1-0

[Event "Championnat de France des Jeunes - Mini"]
[Site "LA ROCHE SUR YON"]
[Date "2008.04.21"]
[Round "2.11"]
[White "Soubirou, Oriane"]
[Black "Jolly, Marie"]
[Result "1-0"]
[WhiteElo "1820"]
[BlackElo "1723"]
[Annotator "Salaun,Michel"]
[PlyCount "119"]
[EventDate "2008.04.27"]
[EventType "swiss"]
[EventRounds "9"]
[EventCountry "FRA"]

1. e4 e6 2. d4 d5 3. exd5 exd5 4. Bd3 Nf6 5. Ne2 Be7 6. h3 Be6 7. Bf4 Nbd7 8.
O-O O-O 9. c3 Re8 10. Qc2 Nf8 11. Nd2 Bd6 12. Bg3 c6 13. Nf3 Qc7 14. Bxd6 Qxd6
15. Ng3 Re7 16. Rae1 Rae8 17. Qd2 h6 18. Nh4 Qb8 19. a3 Bd7 20. Nf3 Rxe1 21.
Rxe1 Rxe1+ 22. Nxe1 Ne6 23. Nf3 Qf4 24. Qe3 Qxe3 25. fxe3 Bc8 26. Nf5 Bd7 27.
Ne5 Kf8 28. Nd6 Nd8 29. c4 Be6 30. c5 Ne8 31. Nxe8 Kxe8 32. Kf2 f6 33. Nf3 g5
34. b4 Ke7 35. g4 Bc8 36. Nd2 Ne6 37. Bf5 Bd7 38. Bxe6 Kxe6 39. Kf3 f5 40. Nf1
Kf6 41. Ng3 fxg4+ 42. hxg4 Kg6 43. a4 Bc8 44. e4 dxe4+ 45. Nxe4 Be6 46. Nd6
Bd5+ 47. Kg3 Bb3 48. a5 Ba4 49. Nxb7 Kf6 50. Nd6 a6 51. Nf5 Kg6 52. Ne3 Bb5 53.
d5 cxd5 54. Nxd5 h5 55. gxh5+ Kxh5 56. Nc7 Bc4 57. c6 Bd3 58. Nd5 Bf5 59. c7
Kg6 60. Ne7+ 1-0

[Event "Championnat de France des Jeunes - Mini"]
[Site "LA ROCHE SUR YON"]
[Date "2008.04.21"]
[Round "2.12"]
[White "Copin, Oceane"]
[Black "Muller, Marion"]
[Result "0-1"]
[WhiteElo "1720"]
[BlackElo "1815"]
[Annotator "Salaun,Michel"]
[PlyCount "110"]
[EventDate "2008.04.27"]
[EventType "swiss"]
[EventRounds "9"]
[EventCountry "FRA"]

1. e4 c6 2. c4 d5 3. cxd5 cxd5 4. exd5 Nf6 5. Qa4+ Nbd7 6. Nc3 g6 7. Bc4 Bg7 8.
d3 O-O 9. Nf3 Nb6 10. Qb3 Bf5 11. O-O Nfd7 12. Be3 Qc8 13. Rac1 Bg4 14. Nd2
Nxc4 15. dxc4 Ne5 16. Nce4 Be2 17. f4 Bxf1 18. fxe5 Be2 19. h3 Bxe5 20. Nf2 f5
21. Bg5 Bf6 22. Bxf6 exf6 23. Qe3 Re8 24. Qd4 Kg7 25. d6 Qd7 26. Nb3 Rad8 27.
c5 Bb5 28. Rd1 Qe6 29. Rc1 Qd7 30. Rd1 Qe6 31. Rc1 Bc6 32. Rd1 Qe5 33. Qd2 f4
34. Nd3 Qe3+ 35. Qxe3 fxe3 36. Nb4 Ba4 37. Nd5 b6 38. Nc7 Re5 39. cxb6 axb6 40.
Rd5 Rxd5 41. Nxd5 Rxd6 42. Nxe3 Bxb3 43. axb3 Rd3 44. Kf2 Rxb3 45. Nd1 f5 46.
g3 Kf6 47. h4 Rd3 48. Nc3 Rd2+ 49. Ke3 Rxb2 50. Nd5+ Ke6 51. Nf4+ Kf7 52. Nd5
b5 53. Kf4 b4 54. Ke3 Rb1 55. Kd3 Rd1+ 0-1

[Event "Championnat de France des Jeunes - Mini"]
[Site "LA ROCHE SUR YON"]
[Date "2008.04.21"]
[Round "2.14"]
[White "Khan, Mai-Ly"]
[Black "Macarry, Elodie"]
[Result "1-0"]
[WhiteElo "1700"]
[BlackElo "1805"]
[Annotator "Salaun,Michel"]
[PlyCount "107"]
[EventDate "2008.04.27"]
[EventType "swiss"]
[EventRounds "9"]
[EventCountry "FRA"]

1. e4 c6 2. d4 d5 3. exd5 cxd5 4. Nc3 Nc6 5. Nf3 Bg4 6. Bb5 e6 7. h3 Bh5 8. Be3
Nge7 9. O-O a6 10. Be2 Bxf3 11. Bxf3 Nf5 12. Bg4 Qf6 13. Ne2 Bd6 14. Qd3 Nh4
15. Ng3 g6 16. Qd2 Qg7 17. Bh6 Qg8 18. Bg5 h5 19. Bxh5 gxh5 20. Bxh4 Qg7 21. c3
Kd7 22. Qg5 Qh7 23. Qf6 Rag8 24. Qf3 Rg6 25. Ne2 Rhg8 26. Bg3 h4 27. Bxd6 Rxg2+
28. Kh1 Kxd6 29. Ng3 R8xg3 30. fxg3 Rxg3 31. Qf4+ Ke7 32. Kh2 Nd8 33. Rac1 Rg6
34. c4 dxc4 35. Rxc4 Ke8 36. d5 Qg7 37. dxe6 Rxe6 38. Qxh4 Re2+ 39. Rf2 Qe5+
40. Kg1 Re3 41. Rg4 Ne6 42. Rg8+ Nf8 43. Qg4 Re1+ 44. Kg2 Qd5+ 45. Qf3 Qxf3+
46. Kxf3 Ke7 47. Re2+ Rxe2 48. Kxe2 Ne6 49. Rb8 b5 50. Ke3 Kd7 51. h4 Kc7 52.
Rg8 Kd6 53. h5 Ke7 54. h6 1-0

[Event "Championnat de France des Jeunes - Mini"]
[Site "LA ROCHE SUR YON"]
[Date "2008.04.21"]
[Round "2.15"]
[White "Pinault, Mailys"]
[Black "Buscara, Lena"]
[Result "1/2-1/2"]
[WhiteElo "1796"]
[BlackElo "1691"]
[Annotator "Salaun,Michel"]
[PlyCount "89"]
[EventDate "2008.04.27"]
[EventType "swiss"]
[EventRounds "9"]
[EventCountry "FRA"]

1. e4 d6 2. d4 Nf6 3. Nc3 Nbd7 4. Nf3 e5 5. Bg5 Be7 6. Bxf6 Bxf6 7. dxe5 Nxe5
8. Bb5+ c6 9. Nxe5 Bxe5 10. Bc4 b5 11. Bb3 a5 12. a3 O-O 13. O-O Ba6 14. Re1
Qf6 15. Rb1 Rad8 16. Re3 Qe7 17. Qg4 Bc8 18. Qh5 g6 19. Qf3 h5 20. h3 Qg5 21.
Kh1 Rde8 22. Qd1 Qf4 23. Qg1 Qh4 24. Ba2 g5 25. Qf1 g4 26. Ne2 Kh8 27. c3 f5
28. exf5 Bxf5 29. Rd1 Bd7 30. f4 gxh3 31. gxh3 d5 32. Bb1 Bd6 33. Rxe8 Bxe8 34.
f5 Qf6 35. Nd4 Bd7 36. Qf3 Qh4 37. Rg1 Bc5 38. Qg3 Qxg3 39. Rxg3 Bxd4 40. cxd4
Rg8 41. Rxg8+ Kxg8 42. Kg2 Kg7 43. Kg3 Kf6 44. Kf4 a4 45. h4 1/2-1/2

[Event "Championnat de France des Jeunes - Mini"]
[Site "LA ROCHE SUR YON"]
[Date "2008.04.21"]
[Round "2.13"]
[White "Rambourg, Juliette"]
[Black "Christophe, Lucie"]
[Result "1-0"]
[WhiteElo "1811"]
[BlackElo "1700"]
[Annotator "Salaun,Michel"]
[PlyCount "83"]
[EventDate "2008.04.27"]
[EventType "swiss"]
[EventRounds "9"]
[EventCountry "FRA"]

1. d4 d5 2. c4 e6 3. Nc3 Nf6 4. Nf3 Be7 5. Bf4 a6 6. e3 O-O 7. Bd3 c5 8. O-O
Nc6 9. cxd5 Nxd5 10. Nxd5 exd5 11. dxc5 Bxc5 12. Bxh7+ Kxh7 13. Qc2+ Kh8 14.
Ng5 g6 15. Qxc5 f6 16. Nf3 Rf7 17. Rfd1 Be6 18. Rd2 Rc8 19. Qa3 Rd7 20. Rad1
Bg4 21. h3 Bxf3 22. gxf3 Kg7 23. Qb3 Ne7 24. e4 d4 25. e5 Nf5 26. e6 Re7 27.
Be3 Nxe3 28. fxe3 Qg8 29. Rxd4 Qxe6 30. Qxe6 Rxe6 31. Rd7+ Kf8 32. Rd8+ Rxd8
33. Rxd8+ Kf7 34. Rd7+ Kf8 35. Kf2 Re7 36. Rxe7 Kxe7 37. f4 Kd6 38. e4 a5 39.
h4 b6 40. Ke3 Ke6 41. Kd4 Kd6 42. a4 1-0

[Event "Championnat de France des Jeunes - Mini"]
[Site "LA ROCHE SUR YON"]
[Date "2008.04.20"]
[Round "1.15"]
[White "Martin, Madge"]
[Black "Pinault, Mailys"]
[Result "0-1"]
[WhiteElo "1380"]
[BlackElo "1796"]
[Annotator "Salaun,Michel"]
[PlyCount "70"]
[EventDate "2008.04.27"]
[EventType "swiss"]
[EventRounds "9"]
[EventCountry "FRA"]

1. e4 e5 2. Nf3 Nc6 3. Bc4 Bc5 4. c3 Nf6 5. d3 d6 6. Be3 Bb6 7. d4 exd4 8. Bxd4
Nxd4 9. cxd4 Nxe4 10. Qe2 Qe7 11. Nfd2 Nxd2 12. Qxe7+ Kxe7 13. Nxd2 Bxd4 14.
O-O Re8 15. Rfe1+ Kf8 16. Rab1 Bf5 17. Rbc1 Bxb2 18. Rcd1 Bc2 19. Rxe8+ Rxe8
20. Rf1 c6 21. Bb3 Bxb3 22. Nxb3 Bc3 23. Nc1 Re1 24. Nd3 Rxf1+ 25. Kxf1 Ke7 26.
Ke2 Ke6 27. Ke3 c5 28. Nf4+ Ke5 29. g3 d5 30. Kd3 Ba5 31. Nh5 g6 32. Ng7 Kf6
33. Ne8+ Ke7 34. Ng7 Kf8 35. Nh5 gxh5 0-1

[Event "Championnat de France des Jeunes - Mini"]
[Site "LA ROCHE SUR YON"]
[Date "2008.04.21"]
[Round "3.11"]
[White "Auvray, Juliette"]
[Black "Perrier, Lea"]
[Result "1/2-1/2"]
[WhiteElo "1890"]
[BlackElo "1647"]
[Annotator "Salaun,Michel"]
[PlyCount "115"]
[EventDate "2008.04.27"]
[EventType "swiss"]
[EventRounds "9"]
[EventCountry "FRA"]

1. e4 d5 2. exd5 Qxd5 3. Nc3 Qd6 4. d4 Nf6 5. Nf3 a6 6. Be2 Nc6 7. O-O Bf5 8.
a3 O-O-O 9. Be3 e5 10. dxe5 Nxe5 11. Nd4 Neg4 12. g3 Nxe3 13. fxe3 Qe5 14. Qc1
Bg4 15. Rxf6 Bxe2 16. Rf5 Qe7 17. Ncxe2 g6 18. Rf3 Bh6 19. c4 Rhe8 20. Nf4 Bxf4
21. gxf4 g5 22. f5 Qe4 23. Kf2 Qh4+ 24. Kg1 Qe4 25. Rg3 c5 26. Nb3 Qxf5 27. Qf1
Qe5 28. Rb1 h5 29. Qf2 Rd3 30. Na5 Re6 31. Qxf7 Re7 32. Qf8+ Re8 33. Qf2 Kc7
34. b4 Rxa3 35. Qf7+ Re7 36. Qxh5 Rxe3 37. Qxg5 Re1+ 38. Rxe1 Qxe1+ 39. Kg2
Qe2+ 40. Kh1 b6 41. bxc5 bxa5 42. Qf4+ Qe5 43. Qxe5+ Rxe5 44. Ra3 Rxc5 45. Ra4
Kd7 46. Kg2 Ke7 47. Kf3 Rf5+ 48. Kg4 Kf6 49. h4 Kg6 50. Ra3 Rc5 51. Rc3 a4 52.
Kf4 a3 53. Rxa3 Rxc4+ 54. Kg3 Rc6 55. Ra5 Rb6 56. Kf3 Rb3+ 57. Ke2 Rb6 58. Kf3
1/2-1/2

[Event "Championnat de France des Jeunes - Mini"]
[Site "LA ROCHE SUR YON"]
[Date "2008.04.21"]
[Round "3.13"]
[White "Klipper, Noemie"]
[Black "Girod, Sarah"]
[Result "1-0"]
[WhiteElo "1831"]
[BlackElo "1480"]
[Annotator "Salaun,Michel"]
[PlyCount "83"]
[EventDate "2008.04.27"]
[EventType "swiss"]
[EventRounds "9"]
[EventCountry "FRA"]

1. c4 e5 2. g3 Nf6 3. Bg2 Bc5 4. Nc3 d6 5. e3 Qe7 6. Nge2 Bg4 7. O-O O-O 8. d4
exd4 9. exd4 Bb4 10. f3 Bd7 11. Bg5 c6 12. Ne4 d5 13. cxd5 cxd5 14. Nxf6+ gxf6
15. Bh6 Re8 16. Nc3 Be6 17. f4 Qd7 18. Qh5 Rd8 19. f5 Bf8 20. fxe6 Qxe6 21.
Nxd5 Nd7 22. Nc7 Qb6 23. Nxa8 Qxd4+ 24. Kh1 Rxa8 25. Rad1 Qa4 26. Bd5 Ne5 27.
Rxf6 Qe8 28. Qg5+ Kh8 29. Bxf8 Qxf8 30. Qxe5 Re8 31. Rxf7+ Rxe5 32. Rxf8+ Kg7
33. Rf7+ Kg6 34. Rxb7 Re2 35. Bf7+ Kg5 36. Rb5+ Kf6 37. Bh5 Re6 38. g4 h6 39.
Rf1+ Kg7 40. Rf7+ Kg8 41. Rb8+ Re8 42. Rxe8# 1-0

[Event "Championnat de France des Jeunes - Mini"]
[Site "LA ROCHE SUR YON"]
[Date "2008.04.21"]
[Round "3.12"]
[White "Kohi, Camilla"]
[Black "Boutant, Jade"]
[Result "1-0"]
[WhiteElo "1855"]
[BlackElo "1590"]
[Annotator "Salaun,Michel"]
[PlyCount "75"]
[EventDate "2008.04.27"]
[EventType "swiss"]
[EventRounds "9"]
[EventCountry "FRA"]

1. d4 d5 2. c4 c6 3. Nf3 Bf5 4. Nc3 Nf6 5. e3 Nbd7 6. Be2 e6 7. Nh4 Bg6 8. Nxg6
hxg6 9. b3 Bb4 10. Bd2 Be7 11. c5 Qc7 12. b4 b6 13. h3 bxc5 14. bxc5 e5 15. Rb1
Rb8 16. O-O O-O 17. f4 exd4 18. exd4 Rxb1 19. Qxb1 Nh5 20. Qd3 Nhf6 21. f5 gxf5
22. Qxf5 Qg3 23. Rf3 Qh4 24. g4 g6 25. Qf4 Nh7 26. Qc7 Rd8 27. Qxc6 Ndf6 28.
Qc7 Rd7 29. Qg3 Qxg3+ 30. Rxg3 Ne4 31. Nxe4 dxe4 32. c6 Rc7 33. d5 Bd6 34. Rb3
Kf8 35. Ba5 Bc5+ 36. Kf1 Re7 37. c7 Re8 38. Rb8 1-0

[Event "Championnat de France des Jeunes - Mini"]
[Site "LA ROCHE SUR YON"]
[Date "2008.04.22"]
[Round "4.12"]
[White "Gassama, Aissatou"]
[Black "Dubois, Emmanuelle"]
[Result "0-1"]
[WhiteElo "1250"]
[BlackElo "1785"]
[Annotator "Salaun,Michel"]
[PlyCount "116"]
[EventDate "2008.04.27"]
[EventType "swiss"]
[EventRounds "9"]
[EventCountry "FRA"]

1. e4 c5 2. Nf3 Nc6 3. Bc4 e6 4. Nc3 g6 5. O-O a6 6. d3 Bg7 7. Be3 d6 8. Qd2
Nge7 9. Bb3 O-O 10. Rfe1 b6 11. h3 Bb7 12. Nh2 Kh8 13. Bh6 Ng8 14. Bxg7+ Kxg7
15. Re3 Nf6 16. Ne2 d5 17. Ng4 Nxg4 18. hxg4 dxe4 19. Rh3 Rh8 20. Qh6+ Kg8 21.
dxe4 Qf8 22. Qe3 Rd8 23. Kh2 Ne5 24. f3 Qd6 25. g3 c4 26. Kg2 cxb3 27. axb3 Qd2
28. Qf2 Qd6 29. Rah1 Nxg4 30. fxg4 Bxe4+ 31. Kh2 Bxh1 32. Kxh1 Qd1+ 33. Kg2
Qxc2 34. Kf1 Rd1+ 35. Kg2 Qxb2 36. Qf3 Rd8 37. g5 Qe5 38. Rh1 Qd5 39. Qxd5 Rxd5
40. Nc3 Rd2+ 41. Kh3 Kg7 42. Ne4 Rd4 43. Nf2 h6 44. Kg2 hxg5 45. Ra1 a5 46. Kf3
Rhd8 47. Kg2 g4 48. Ra4 Rxa4 49. bxa4 Rd4 50. Kf1 Rxa4 51. Nd3 Ra3 52. Ne5 Rxg3
53. Kf2 Rc3 54. Nxg4 a4 55. Ke2 a3 56. Kd2 Rc5 57. Nf2 a2 58. Nd3 Rc7 0-1

[Event "Championnat de France des Jeunes - Mini"]
[Site "LA ROCHE SUR YON"]
[Date "2008.04.21"]
[Round "3.15"]
[White "Le Bail, Arielle"]
[Black "Gicquel, Maelig"]
[Result "0-1"]
[WhiteElo "1789"]
[BlackElo "1410"]
[Annotator "Salaun,Michel"]
[PlyCount "114"]
[EventDate "2008.04.27"]
[EventType "swiss"]
[EventRounds "9"]
[EventCountry "FRA"]

1. d4 d6 2. c4 Nf6 3. Nc3 g6 4. e4 Bg7 5. f3 O-O 6. Be3 e5 7. d5 c6 8. Bd3 a6
9. a4 Nbd7 10. b4 a5 11. b5 cxd5 12. Nxd5 Nxd5 13. cxd5 Nc5 14. Ne2 f5 15. O-O
b6 16. Nc1 fxe4 17. fxe4 Rxf1+ 18. Qxf1 Qh4 19. Bxc5 bxc5 20. Nb3 c4 21. Bxc4
Qxe4 22. Re1 Qf5 23. Qe2 Bd7 24. Qd2 e4 25. Qc2 Re8 26. Nxa5 e3 27. Re2 Bd4 28.
Qd1 Qf6 29. h3 Qh4 30. Nb3 Ba7 31. Qc1 Qg3 32. Qe1 Qf2+ 33. Kh1 Qf4 34. Rc2 Bf5
35. Rc3 Bd4 36. Nxd4 Qxd4 37. Rc1 Be4 38. Qd1 Qb2 39. Bf1 Rf8 40. Rc4 Qe5 41.
Qe1 Bxd5 42. Rc3 Rxf1+ 43. Qxf1 Qxc3 44. b6 Qb3 45. Qa6 Qd1+ 46. Kh2 e2 47.
Qc8+ Kg7 48. b7 Bxb7 49. Qxb7+ Kh6 50. Qf7 e1=Q 51. Qf8+ Kg5 52. Qd8+ Kf4 53.
Qf6+ Ke3 54. Qe6+ Kd2 55. Qa2+ Qc2 56. Qd5+ Kc1 57. Qg5+ Qed2 0-1

[Event "Championnat de France des Jeunes - Mini"]
[Site "LA ROCHE SUR YON"]
[Date "2008.04.22"]
[Round "4.11"]
[White "Berthelot, Maeva"]
[Black "Armas, Lena"]
[Result "1-0"]
[WhiteElo "1787"]
[BlackElo "1748"]
[Annotator "Salaun,Michel"]
[PlyCount "59"]
[EventDate "2008.04.27"]
[EventType "swiss"]
[EventRounds "9"]
[EventCountry "FRA"]

1. e4 c5 2. c4 g6 3. Nc3 Bg7 4. g3 d6 5. Bg2 Nf6 6. Nge2 Nc6 7. O-O O-O 8. h3
Bd7 9. d4 cxd4 10. Nxd4 Ne5 11. b3 Rc8 12. Be3 a6 13. Rc1 Qa5 14. Nd5 Nxd5 15.
exd5 Be8 16. f4 Nd7 17. Qe1 Qxe1 18. Rfxe1 Nc5 19. Rcd1 b5 20. cxb5 axb5 21.
Bf1 Ne4 22. g4 Nc3 23. Rc1 b4 24. Bf2 Rc7 25. Rc2 Nxd5 26. Rxc7 Nxc7 27. Rxe7
Nd5 28. Rb7 Nxf4 29. Rxb4 Nxh3+ 30. Bxh3 1-0

[Event "Championnat de France des Jeunes - Mini"]
[Site "LA ROCHE SUR YON"]
[Date "2008.04.21"]
[Round "3.14"]
[White "Macarry, Elodie"]
[Black "Thiberge, Audrey"]
[Result "1-0"]
[WhiteElo "1805"]
[BlackElo "1450"]
[Annotator "Salaun,Michel"]
[PlyCount "51"]
[EventDate "2008.04.27"]
[EventType "swiss"]
[EventRounds "9"]
[EventCountry "FRA"]

1. e4 e5 2. Nc3 Nc6 3. Bc4 Nf6 4. d3 Bc5 5. f4 d6 6. h3 Be6 7. Bb3 d5 8. f5 Bc8
9. Nxd5 Nxd5 10. Bxd5 Qh4+ 11. Kd2 Qf2+ 12. Qe2 Qg3 13. Qf3 Qg5+ 14. Kd1 Qd8
15. Qg3 g6 16. Bg5 f6 17. Bh6 Ne7 18. fxg6 hxg6 19. Bg7 Bg4+ 20. Qxg4 Nxd5 21.
Qxg6+ Ke7 22. exd5 Rf8 23. Bxf8+ Kxf8 24. Nf3 Be7 25. Ng5 Qxd5 26. Nh7# 1-0

[Event "Championnat de France des Jeunes - Mini"]
[Site "LA ROCHE SUR YON"]
[Date "2008.04.22"]
[Round "4.13"]
[White "Saucey, Capucine"]
[Black "Christophe, Lucie"]
[Result "1-0"]
[WhiteElo "1780"]
[BlackElo "1700"]
[Annotator "Salaun,Michel"]
[PlyCount "51"]
[EventDate "2008.04.27"]
[EventType "swiss"]
[EventRounds "9"]
[EventCountry "FRA"]

1. e4 e5 2. Nf3 Nc6 3. Bc4 h6 4. c3 d6 5. d3 Nf6 6. h3 Be7 7. Nbd2 O-O 8. O-O
a6 9. Bb3 Bd7 10. Re1 Na5 11. Bc2 Nc6 12. Nf1 Nh7 13. d4 exd4 14. cxd4 Ng5 15.
Ng3 Nxf3+ 16. gxf3 Bxh3 17. Kh2 Bd7 18. Rg1 Kh8 19. f4 Bh4 20. f5 Qe7 21. Qh5
Bxg3+ 22. Rxg3 f6 23. Bxh6 gxh6 24. Qxh6+ Qh7 25. Qxh7+ Kxh7 26. Kg2 1-0

[Event "Championnat de France des Jeunes - Mini"]
[Site "LA ROCHE SUR YON"]
[Date "2008.04.23"]
[Round "5.12"]
[White "Klipper, Noemie"]
[Black "Pinault, Mailys"]
[Result "1-0"]
[WhiteElo "1831"]
[BlackElo "1796"]
[Annotator "Salaun,Michel"]
[PlyCount "145"]
[EventDate "2008.04.27"]
[EventType "swiss"]
[EventRounds "9"]
[EventCountry "FRA"]

1. d4 d5 2. c4 e6 3. Nc3 Nf6 4. Nf3 c6 5. cxd5 exd5 6. Qc2 Bd6 7. Bg5 Be6 8. e3
Nbd7 9. Bd3 Qc7 10. O-O-O h6 11. Bh4 g5 12. Bg3 Bxg3 13. hxg3 O-O-O 14. Kb1
Rde8 15. Rc1 Kb8 16. Na4 Ne4 17. b4 Qd6 18. Ka1 f5 19. Rb1 Rc8 20. Nc5 Bf7 21.
Rhc1 Qc7 22. Qb2 Ka8 23. Nxd7 Qxd7 24. b5 cxb5 25. Bxb5 Qe7 26. Ne5 Rxc1 27.
Rxc1 a6 28. Bd7 Nd6 29. Qb4 Be8 30. Bxe8 Rxe8 31. Qb6 Qd8 32. Qb3 Nb5 33. Rc5
Nc7 34. Nd3 Re7 35. Qb6 Kb8 36. Qxh6 Ne6 37. Rc1 Qa5 38. Qh1 Qd2 39. Qd1 Qxd1
40. Rxd1 Rc7 41. Kb2 Rh7 42. Nb4 Nc7 43. a4 a5 44. Nd3 Rh2 45. Rg1 Kc8 46. Kc3
Kd7 47. Ne5+ Ke6 48. Nf3 Rh5 49. Rb1 g4 50. Nh4 Ne8 51. Rxb7 Nd6 52. Rb6 Rh7
53. Kd3 Rc7 54. Ra6 Rc4 55. Rxa5 Ne4 56. Ra6+ Nd6 57. Ng6 Rc1 58. Nf4+ Kd7 59.
Kd2 Rg1 60. Ra7+ Kc6 61. Ra6+ Kc7 62. Nxd5+ Kd7 63. Nf4 Ra1 64. f3 gxf3 65.
gxf3 Rg1 66. Ne2 Ra1 67. d5 Ra3 68. Ra7+ Kd8 69. Nd4 Nc4+ 70. Ke2 Nxe3 71. Nc6+
Kc8 72. d6 Ra2+ 73. Kxe3 1-0

[Event "Championnat de France des Jeunes - Mini"]
[Site "LA ROCHE SUR YON"]
[Date "2008.04.23"]
[Round "5.15"]
[White "Armas, Lena"]
[Black "Girod, Sarah"]
[Result "0-1"]
[WhiteElo "1748"]
[BlackElo "1480"]
[Annotator "Salaun,Michel"]
[PlyCount "122"]
[EventDate "2008.04.27"]
[EventType "swiss"]
[EventRounds "9"]
[EventCountry "FRA"]

1. e4 e5 2. Nf3 Nc6 3. c3 d5 4. Qa4 Qd6 5. Bb5 Bd7 6. exd5 Qxd5 7. O-O Nf6 8.
Bc4 Qc5 9. d4 exd4 10. cxd4 Nxd4 11. Bxf7+ Kxf7 12. Qxd4 Qxd4 13. Nxd4 Bc5 14.
Nf3 Rhe8 15. Bf4 Ng4 16. Nc3 Kg8 17. Bxc7 Rac8 18. Bg3 b5 19. a3 a5 20. h3 Nf6
21. Ne5 Bf5 22. Nxb5 Rb8 23. a4 Ne4 24. Rfc1 Bb6 25. Nc6 Nxg3 26. Nxb8 Ne2+ 27.
Kf1 Nxc1 28. Rxc1 Rxb8 29. Nd6 Bd3+ 30. Kg1 Rf8 31. Nc4 Bxf2+ 32. Kh2 Rc8 33.
b3 Rb8 34. Nxa5 Bb6 35. Nc6 Bc7+ 36. Kh1 Re8 37. b4 Bf4 38. Ra1 Re6 39. b5 Re2
40. Kg1 Be4 41. Kf1 Rxg2 42. Re1 Bf3 43. Re8+ Kf7 44. Re7+ Kf6 45. Re8 Rb2 46.
Rf8+ Kg5 47. Rf7 g6 48. Nd4 Bg2+ 49. Ke1 Bg3+ 50. Kd1 Ra2 51. Ne6+ Kh6 52. Nf8
Rf2 53. Rxh7+ Kg5 54. Ne6+ Kf6 55. Nc5 Bf3+ 56. Kc1 Bf4+ 57. Kb1 Bd6 58. Na6
Ba3 59. Rc7 Be4+ 60. Ka1 Bb2+ 61. Ka2 Be5+ 0-1

[Event "Championnat de France des Jeunes - Mini"]
[Site "LA ROCHE SUR YON"]
[Date "2008.04.23"]
[Round "4.15"]
[White "De Seroux, Camille"]
[Black "Beaubois, Tess"]
[Result "1-0"]
[WhiteElo "1867"]
[BlackElo "1430"]
[Annotator "Salaun,Michel"]
[PlyCount "109"]
[EventDate "2008.04.27"]
[EventType "swiss"]
[EventRounds "9"]
[EventCountry "FRA"]

1. e4 e5 2. Nf3 Nc6 3. Bc4 Bc5 4. c3 d6 5. d4 Bb6 6. dxe5 dxe5 7. Qxd8+ Kxd8 8.
Bxf7 Nf6 9. Nbd2 Bg4 10. Bd5 Nxd5 11. exd5 Ne7 12. Nxe5 Bh5 13. c4 Re8 14. O-O
Rf8 15. Ndf3 Ng6 16. Nxg6 hxg6 17. Ng5 Kd7 18. Ne6 Rf7 19. c5 Ba5 20. f3 c6 21.
g4 cxd5 22. Ng5 Re7 23. Bf4 Bb4 24. Bd6 Re2 25. gxh5 gxh5 26. Rf2 Rae8 27. Rd1
Kc6 28. Kf1 Re1+ 29. Rxe1 Rxe1+ 30. Kg2 b6 31. Rc2 bxc5 32. Bg3 Rb1 33. Bf2 d4
34. Bxd4 Kd5 35. Bxg7 h4 36. Ne4 c4 37. Bf6 Bc5 38. Nxc5 Kxc5 39. Bxh4 a5 40.
Rd2 Kb4 41. Be7+ Kb5 42. h4 Re1 43. Bd8 a4 44. Kg3 Kb4 45. h5 c3 46. bxc3+ Kxc3
47. Ba5+ Kc4 48. Rc2+ Kb5 49. Bxe1 a3 50. h6 Ka4 51. h7 Kb5 52. h8=Q Ka4 53.
Rc7 Kb5 54. Qb8+ Ka6 55. Ra7# 1-0